| 000 | 00652nam a2200193Ia 4500 | ||
|---|---|---|---|
| 008 | 191130s2009##################000#0#eng## | ||
| 020 | _a9788189973827 | ||
| 040 |
_aACL _cACL |
||
| 082 | _a320.150 MOH | ||
| 100 | _aMohapatra, Amulya Ranjan | ||
| 245 |
_aSwaraj: thoughts of Gandhi, Tilak, Aurobindo, Raja Rammohun Roy, Tagore and Vivekananda _cAmulya Ranjan Mohapatra |
||
| 260 |
_aNew Delhi _bRead Worthy _cc2009 |
||
| 300 | _a102 p. ; 18 cm | ||
| 500 | _aIncludes bibliographical references (p. [94]-96) and Index | ||
| 650 | _aPolitical science | ||
| 990 | _a86335592ac10000c4ca0a9429c227df2 | ||
| 991 | _a197828 | ||
| 999 |
_c287874 _d287874 |
||